Verejné financie v EÚ: pravidlá pre fiškálnu politiku v podmienkach menovej únie

Nároky na fiškálny sektor krajín Európskej únie, tak ako sú normatívne stanovené v dvoch základných dokumentoch EÚ - v Maastrichtskej zmluve a Pakte stability a rastu. Konvergenčné kritériá fiškálnej stability. Strednodobé pravidlo vyrovnaného alebo prebytkového rozpočtu. Postup v prípade nadmerného...

Ausführliche Beschreibung

Gespeichert in:
Bibliographische Detailangaben
1. Verfasser: Komínková, Zora
Format: Buchkapitel
Sprache:Slowakisch
Schlagworte:
Tags: Tag hinzufügen
Keine Tags, Fügen Sie das erste Tag hinzu!

MARC

LEADER 00000naa a2200000 4500
001 r048786
005 20220729111044.9
041 0 |a slo 
044 |a SK 
245 1 0 |a Verejné financie v EÚ: pravidlá pre fiškálnu politiku v podmienkach menovej únie  |c Zora Komínková 
520 |a Nároky na fiškálny sektor krajín Európskej únie, tak ako sú normatívne stanovené v dvoch základných dokumentoch EÚ - v Maastrichtskej zmluve a Pakte stability a rastu. Konvergenčné kritériá fiškálnej stability. Strednodobé pravidlo vyrovnaného alebo prebytkového rozpočtu. Postup v prípade nadmerného fiškálneho deficitu. 
610 2 0 |a financie verejné 
610 2 0 |a Európska únia 
610 2 0 |a politika fiškálna 
610 2 0 |a únie menové 
610 2 0 |a pravidlá rozpočtové 
610 2 0 |a konvergencia 
610 2 0 |a politika rozpočtová 
610 2 0 |a deficit rozpočtový 
610 2 0 |a Maastrichtská zmluva 
610 2 0 |a Pakt stability a rastu 
100 1 |a Komínková, Zora